The department-store buyer ; a view from inside the parent-branch complexes.

Bibliographic Details
Main Author: Johnston, John Wallis
Format: Book
Language:English
Published: [Austin] : Bureau of Business Research, University of Texas at Austin, 1969.
Series:Studies in marketing ; no. 12.
Subjects:

MARC

Tag First Indicator Second Indicator Subfields
LEADER 00000cam a2200000 4500
001 in00000203513
005 20151009060900.0
008 710216s1969 txu b 00000 eng
010 |a  79632137  
035 |a (OCoLC)00125435 
035 |9 AAX4749AM 
040 |a DLC  |c DLC  |d TXA  |d UtOrBLW 
043 |a n-us--- 
049 |a TXAM  |c [707854] 
050 0 0 |a HF5465.U4  |b J58 
082 0 |a 658.7/2 
100 1 |a Johnston, John Wallis. 
245 1 4 |a The department-store buyer ;  |b a view from inside the parent-branch complexes. 
264 1 |a [Austin] :  |b Bureau of Business Research, University of Texas at Austin,  |c 1969. 
300 |a xvi, 127 pages ;  |c 22 cm. 
336 |a text  |b txt  |2 rdacontent 
337 |a unmediated  |b n  |2 rdamedia 
338 |a volume  |b nc  |2 rdacarrier 
490 1 |a University of Texas at Austin. Bureau of Business Research. Studies in marketing no. 12 
504 |a Bibliography: pages 123-127. 
650 0 |a Department stores  |z United States. 
650 0 |a Purchasing. 
650 0 |a Branch stores  |z United States. 
830 0 |a Studies in marketing ;  |v no. 12. 
999 |a MARS 
999 f f |s 13900176-6d1d-3653-aedd-c4b01e0566f6  |i fd3401a8-0835-3a70-bc14-d4b9929b2929  |t 0 
952 f f |p ric  |a Texas A&M University  |b Rellis Campus  |c Joint Library Facility  |d Remote Storage  |t 0  |e HF5465.U4 J58  |h Library of Congress classification  |i unmediated -- volume  |m A14802802154 
998 f f |a HF5465.U4 J58  |t 0  |l Remote Storage